Improvement of labour performance and Productivity in uganda's Building industry / (Record no. 1902)
[ view plain ]
| 000 -LEADER | |
|---|---|
| fixed length control field | 00592nam a22001817a 4500 |
| 003 - CONTROL NUMBER IDENTIFIER | |
| control field | OSt |
| 005 - DATE AND TIME OF LATEST TRANSACTION | |
| control field | 20150912190006.0 |
| 008 - FIXED-LENGTH DATA ELEMENTS--GENERAL INFORMATION | |
| fixed length control field | 150527b xxu||||| |||| 00| 0 eng d |
| 020 ## - INTERNATIONAL STANDARD BOOK NUMBER | |
| International Standard Book Number | 9789185257911 |
| 040 ## - CATALOGING SOURCE | |
| Transcribing agency | 04 |
| 100 ## - MAIN ENTRY--PERSONAL NAME | |
| Personal name | Alinaitwe Henry Mwanaki |
| 9 (RLIN) | 5000 |
| 245 ## - TITLE STATEMENT | |
| Title | Improvement of labour performance and Productivity in uganda's Building industry / |
| Statement of responsibility, etc. | Henry Mwanaki Alinaitwe |
| 260 ## - PUBLICATION, DISTRIBUTION, ETC. (IMPRINT) | |
| Place of publication, distribution, etc. | Lund University. |
| Name of publisher, distributor, etc. | Division of Construction management. |
| Date of publication, distribution, etc. | 2008 |
| 300 ## - PHYSICAL DESCRIPTION | |
| Extent | xviii, 228 p: |
| Other physical details | ill; |
| Dimensions | 28 cm. |
| 504 ## - BIBLIOGRAPHY, ETC. NOTE | |
| Bibliography, etc | Includes references and index |
| 650 ## - SUBJECT ADDED ENTRY--TOPICAL TERM | |
| Topical term or geographic name as entry element | Labour |
| 9 (RLIN) | 5001 |
| 942 ## - ADDED ENTRY ELEMENTS (KOHA) | |
| Source of classification or shelving scheme | Other/Generic Classification Scheme |
| Koha item type | Short Loan |
| Withdrawn status | Lost status | Source of classification or shelving scheme | Damaged status | Not for loan | Home library | Current library | Date acquired | Source of acquisition | Total Checkouts | Barcode | Date last seen | Price effective from | Koha item type |
|---|---|---|---|---|---|---|---|---|---|---|---|---|---|
| Other/Generic Classification Scheme | MUST Main Library | MUST Main Library | 27/05/2015 | 2015-1632 | 27/05/2015 | 27/05/2015 | Short Loan |
